000 00342 a2200157 4500
001 169364
020 _a
040 _cMagnum
100 _aPereira, Ieda Lucia Lima
240 1 0 _aEducacao com consciencia - v.1
_lpor
245 1 0 _aEducacao com consciencia - v.1
362 0 _a1899
440 1 _aGente
697 _aENSINO
942 _cBK
999 _c169364
_d169364